City Challenge given further £750m (Record no. 25357)

MARC details
000 -LEADER
fixed length control field 00962cab a2200229 4500
001 - CONTROL NUMBER
control field WB2808-41
008 - FIXED-LENGTH DATA ELEMENTS--GENERAL INFORMATION
fixed length control field 090401t1992 xxu||||| |||| 00| 0 eng d
035 ## - SYSTEM CONTROL NUMBER
System control number (Sirsi) u39511
041 ## - LANGUAGE CODE
Language code of text/sound track or separate title eng
245 ## - TITLE STATEMENT
Title City Challenge given further £750m
260 ## - PUBLICATION, DISTRIBUTION, ETC.
Date of publication, distribution, etc. 1992
350 ## - PRICE (NR) (BK AM CF MU VM SE) [OBSOLETE]
Price 0
490 ## - SERIES STATEMENT
Series statement Financial Times
Volume/sequential designation 19 February 1992, 10
490 ## - SERIES STATEMENT
Series statement Daily Telegraph
Volume/sequential designation 19 February 1992, 4
520 ## - SUMMARY, ETC.
Summary, etc. SoS for the Environment Michael Heseltine has pledged a further £750m for urban renewal projects to 20 inner city areas under the second phase of the City Challenge scheme. 57 urban priority areas (UPAs) are invited to compete for a share of the grant including the 11 winners in the 1991 pilot competition. Lists the 57 UPSs. Nottingham CC has been given approval for its City Challenge plan.
650 ## - SUBJECT ADDED ENTRY--TOPICAL TERM
Topical term or geographic name entry element CITY CHALLENGE
650 ## - SUBJECT ADDED ENTRY--TOPICAL TERM
Topical term or geographic name entry element INNER CITIES
650 ## - SUBJECT ADDED ENTRY--TOPICAL TERM
Topical term or geographic name entry element URBAN PRIORITY AREAS
690 ## - LOCAL SUBJECT ADDED ENTRY--TOPICAL TERM (OCLC, RLIN)
Topical term or geographic name as entry element URBAN RENEWAL
942 ## - ADDED ENTRY ELEMENTS (KOHA)
Suppress in OPAC 0
948 ## - LOCAL PROCESSING INFORMATION (OCLC); SERIES PART DESIGNATOR (RLIN)
c (OCLC) 04/03/1997
Holdings
Withdrawn status Lost status Source of classification or shelving scheme Damaged status Not for loan Home library Current library Shelving location Date acquired Total Checkouts Full call number Barcode Date last seen Copy number Price effective from Koha item type
    Dewey Decimal Classification     London London News article 14/09/1999   WB2808-41 39511-1001 06/08/2019 1 06/08/2019 News article